Longest Tenured Current Player on Each NHL Team - Statistics

General Stats
  • This quiz has been taken 59 times
  • The average score is 16 of 32
Answer Stats
Team Years Player % Correct
Capitals 18 Alexander Ovechkin
100%
Penguins 18 Sidney Crosby
100%
Kings 17 Anže Kopitar
98%
Bruins 19 Patrice Bergeron
88%
Lightning 15 Steven Stamkos
82%
Stars 14 Jamie Benn
71%
Panthers 10 Aleksander Barkov
69%
Predators 12 Roman Josi
69%
Oilers 12 Ryan Nugent-Hopkins
67%
Red Wings 8 Dylan Larkin
61%
Maple Leafs 10 Morgan Rielly
61%
Hurricanes 11 Jordan Staal
57%
Golden Knights 6 William Karlsson / Jonathan Marchessault
57%
Wild 13 Jared Spurgeon
51%
Sharks 17 Marc-Édouard Vlasic
49%
Jets 13 Blake Wheeler
47%
Rangers 11 Chris Kreider
47%
Coyotes 7 Clayton Keller
47%
Blue Jackets 10 Boone Jenner
45%
Canadiens 11 Brendan Gallagher
45%
Canucks 7 Brock Boeser
39%
Avalanche 13 Erik Johnson
39%
Ducks 13 Cam Fowler
37%
Senators 7 Thomas Chabot
35%
Flames 15 Mikael Backlund
31%
Islanders 15 Josh Bailey
18%
Kraken 2 Adam Larsson
16%
Devils 9 Damon Severson
12%
Sabres 9 Zemgus Girgensons
10%
Flyers 10 Scott Laughton
8%
Blackhawks 6 Connor Murphy
6%
Blues 9 Robert Bortuzzo
4%
No matching quizzes found
Score Distribution
Percent of People with Each Score
Percentile by Number Answered
Your Score History
You have not taken this quiz